000
003210000a22001330004500
041
0
_a
SPA
082
0
4
_a
G 863 B462p
100
1
_a
Benedetti, Mario (1920-)
245
1
0
_a
Primavera con una esquina rota / Mario Benedetti
260
_a
Montevideo, Uruguay : Nueva Imagen
300
_a
208 Pag
001
11012
942
_c
BK
999
_c
40385
_d
40385